00620nam a2200193Ia 4500001001000000003000500010008004100015010001100056040000900067100002200076245012700098260005300225300001000278650001900288650002200307650002200329700001900351710005600370Para_6121CHAP220125s1951 xx 000 0 und d a204901 cCHAP aMckelvey, John J. aBiología y control de los picudos del género APION que atacan al frijol en México /c por John J. Mckelvey [et. al.] aMéxico :b SAG. Oficina de Estudios Especiales a42 p. aApion godmani  aControl de Plagas aFrijol x plagas  aMckelvey, John aMéxico. Secretaría de Agricultura y Ganadería